00291nam a2200121Ia 45000030006000000080041000060400015000471000017000622450040000792600021001195460012001400050017001520STCL150530s9999 xx 000 0 und d aSTCLcSTCL aLevens, A.S. aGraphics in engineering and science bJohn Wileyc1960 aEnglish20220125170023.0